За рaзкaзвaчa и ocнoвнитe мотиви в “Хайка за вълци” oт Ивайло Петров

Elmentve itt :
Bibliográfiai részletek
Szerző: Mészáros Gabriella
További közreműködők: Panajotov Plamen (Témavezető)
Dokumentumtípus: Szakdolgozat
Megjelent: 2003
Tárgyszavak:
Online Access:http://diploma.bibl.u-szeged.hu/133297
LEADER 00888nta a2200217 i 4500
001 dipl133297
005 20230417104257.0
008 230413s2003 hu om 0|| bul d
040 |a SZTE Diploma Repozitórium  |b hun 
041 |a bul 
100 1 |a Mészáros Gabriella 
245 1 0 |a За рaзкaзвaчa и ocнoвнитe мотиви в “Хайка за вълци” oт Ивайло Петров  |h [elektronikus dokumentum] /  |c Gabriella Mészáros 
246 1 0 |a Ivajlo Petrov Farkashajsza című regényének elemzése  |h [elektronikus dokumentum] 
260 |c 2003 
650 4 |a Bölcsészettudományok 
650 4 |a Humanities 
650 4 |a Languages and Literature 
650 4 |a General literature studies 
650 4 |a History of literature 
700 1 |a Panajotov Plamen  |e ths 
856 4 0 |u https://diploma.bibl.u-szeged.hu/id/eprint/133297/1/2003_meszaros_gabriella.pdf  |z Dokumentum-elérés